00896nam a2200229 a 450000100060000000300080000600500170001400800410003103500190007204000220009104100080011308200250012110000410014624500790018726000370026630000240030365000200032794200120034799900170035995201470037695201430052383391BD-RjUL20240318150214.0240318s1954 enk 000 0 eng d a(BD-RjUL)83391 aNNLbengcBD-RjUL aeng 223a823.91bRUN 19541 aRussell, Bertrand,d1872-197091240010aNightmares of eminent persons :band other stories /cby Bertrand Russell. aLondon :bThe Bodley Head,c1954 a150 pages ;c20 cm. aEnglish Fiction 2ddccBK c83391d83391 00102ddc40718FICaRUCLbRUCLcReadingd1968-06-15eSwets & Zeitlingerg12.60l0o823.91 RUN 1954r2024-03-18 00:00:00tC-1w2024-03-18yBK 00102ddc40708FICaRUCLbRUCLcGENd1968-06-15eSwets & Zeitlingerg12.60l0o823.91 RUN 1954r2024-03-18 00:00:00tC-2w2024-03-18yBK